| 000 | 00717nam a2200253 a 4500 | ||
|---|---|---|---|
| 005 | 20210219153527.0 | ||
| 008 | 991125n 000 0 u | ||
| 035 | _aUPN01000104825 | ||
| 100 | _aPark, John C. | ||
| 222 | _aSCHOOL SCIENCE AND MATHEMATICS | ||
| 245 | _aVideo vignettes : a look at physics in the movies | ||
| 300 | _a257-262 | ||
| 362 | _a92, No. 5, 1992 | ||
| 505 | _aFebrero 1993 | ||
| 653 | 0 | _aACTIVIDADES DE APRENDIZAJE | |
| 653 | 0 | _aGRABACION EN CINTAS DE VIDEO | |
| 653 | 0 | _aGRAVEDAD FISICA | |
| 653 | 0 | _aINSTRUCCION CIENTIFICA | |
| 653 | 0 | _aMETODOS DE ENSE\197ANZA | |
| 653 | 0 | _aTELEVISION EDUCATIVA | |
| 700 | _aLamb, Herbert L. | ||
| 904 |
_aAC _b042636 |
||
| 905 | _aArticulo | ||
| 999 |
_c79110 _d79110 |
||